| 000 | 00653nam a22001937a 4500 | ||
|---|---|---|---|
| 999 |
_c167400 _d167400 |
||
| 005 | 20190830144627.0 | ||
| 010 | _aENG-126379 | ||
| 020 |
_c750.00 _a978-81-934459-1-4 |
||
| 035 | _aEN-109911 | ||
| 037 | _bDBAD/PUB | ||
| 082 | _a370.954 | ||
| 100 | _aChandra,M. | ||
| 245 |
_aDevelpment of Education in India/ _cby M. Chandra |
||
| 260 |
_bS.P. Kaushik Enterprises _c2018 _aDelhi |
||
| 270 |
_aA-49,Ground Floor,Gali No. 6,Jagatpuri Extention _bDelhi _e110093 _k0-9873620352,9811007837 _mspkaushikenterprises@gmail.com |
||
| 300 |
_a254p. _c22cm(hb) |
||
| 500 | _aIncludes index and bibliography. | ||
| 942 |
_2ddc _cEN _h370.954 _mCHA |
||